Wilhelm Tell : (Record no. 186778)
[ view plain ]
| 000 -LEADER | |
|---|---|
| fixed length control field | 00519cam4a220018100 4500 |
| 001 - CONTROL NUMBER | |
| control field | tmp16001368 |
| 003 - CONTROL NUMBER IDENTIFIER | |
| control field | UPRA |
| 005 - DATE AND TIME OF LATEST TRANSACTION | |
| control field | 20190830105414.0 |
| 008 - FIXED-LENGTH DATA ELEMENTS--GENERAL INFORMATION | |
| fixed length control field | 951120n sz ger u |
| 035 ## - SYSTEM CONTROL NUMBER | |
| System control number | (Sirsi) r26397 |
| 035 ## - SYSTEM CONTROL NUMBER | |
| System control number | (UPRA)tmp16001368 |
| 040 ## - CATALOGING SOURCE | |
| Transcribing agency | UPRA |
| 100 1# - MAIN ENTRY--PERSONAL NAME | |
| Personal name | Schiller, Friedrich, 1759-1805. |
| Dates associated with a name | Schiller, Friedrich, 1759-1805. |
| Linkage | A64711.1 |
| 245 10 - TITLE STATEMENT | |
| Title | Wilhelm Tell : |
| Remainder of title | Schauspiel. |
| 260 ## - PUBLICATION, DISTRIBUTION, ETC. | |
| Place of publication, distribution, etc. | [Basel : |
| Name of publisher, distributor, etc. | Gute Schriften] |
| 949 ## - LOCAL PROCESSING INFORMATION (OCLC) | |
| a | PT2468 |
| w | lcc |
| i | -27134 |
| m | MAIN |
| t | BOOK |
| l | ON-SHELF |
| Withdrawn status | Lost status | Source of classification or shelving scheme | Damaged status | Not for loan | Home library | Current library | Shelving location | Total Checkouts | Full call number | Barcode | Date last seen | Copy number | Price effective from | Koha item type |
|---|---|---|---|---|---|---|---|---|---|---|---|---|---|---|
| Library of Congress Classification | Main Library | Main Library | On Shelf | PT2468 | -27134 | 08/30/2019 | 1 | 08/30/2019 | Book |